[Event "IND-chT 41st"]
[Site "Jalgaon"]
[Date "2022.04.11"]
[Round "5.2"]
[White "Anup, Shankar R"]
[Black "Das, Arghyadip"]
[Result "0-1"]
[WhiteElo "1827"]
[BlackElo "2471"]
[PlyCount "84"]
[EventDate "2022.04.08"]
[EventType "team-swiss"]
[EventRounds "9"]
[EventCountry "IND"]
[SourceTitle "CBM 208 Extra"]
[Source "ChessBase"]
[SourceDate "2022.07.31"]
[SourceVersion "1"]
[SourceVersionDate "2022.07.31"]
[SourceQuality "1"]
[WhiteTeam "Tamil Nadu"]
[BlackTeam "RSPB II"]
[WhiteTeamCountry "IND"]
[BlackTeamCountry "IND"]

1. e4 e6 2. d4 d5 3. Nd2 Nf6 4. e5 Nfd7 5. Bd3 c5 6. c3 b6 7. Qe2 cxd4 8. cxd4 Nc6 9. Ngf3 Nb4 10. 0-0 Nxd3 11. Qxd3 a5 12. Re1 Ba6 13. Qe3 Be7 14. Nf1 Qc7 15. Bd2 Qc2 16. Bc3 0-0 17. Qf4 Bxf1 18. Rxf1 a4 19. Rac1 Qd3 20. Rfe1 Rac8 21. Re3 Qg6 22. h4 b5 23. a3 Nb6 24. Nh2 Rc6 25. Rg3 Qh5 26. Ng4 Kh8 27. Rd1 Qf5 28. Bd2 Qxf4 29. Bxf4 Rc2 30. b3 b4 31. axb4 a3 32. Ra1 a2 33. Ne3 Rb2 34. Nd1 Rb1 35. Rxa2 Rxd1+ 36. Kh2 Rxd4 37. Be3 Rxh4+ 38. Kg1 Rxb4 39. Ra7 Nc8 40. Rc7 Rxb3 41. Rg4 h5 42. Ra4 Ra3 0-1

[Event "Rajapalayam Ramco op"]
[Site "Rajapalayam"]
[Date "2019.12.03"]
[Round "8"]
[White "Anup, Shankar R"]
[Black "Senthil, Maran K"]
[Result "0-1"]
[WhiteElo "1830"]
[BlackElo "2312"]
[PlyCount "60"]
[EventDate "2019.11.30"]
[EventType "swiss"]
[EventRounds "8"]
[EventCountry "IND"]
[SourceTitle "CBM 193 Extra"]
[Source "ChessBase"]
[SourceDate "2020.01.31"]
[SourceVersion "1"]
[SourceVersionDate "2020.01.31"]
[SourceQuality "1"]

1. e4 c5 2. Nf3 Nc6 3. c3 Nf6 4. e5 Nd5 5. d4 cxd4 6. cxd4 d6 7. Be2 dxe5 8. dxe5 Ndb4 9. Qxd8+ Nxd8 10. Na3 e6 11. 0-0 Ndc6 12. Nb5 Nd5 13. Bc4 a6 14. Bxd5 axb5 15. Bxc6+ bxc6 16. Be3 c5 17. Rac1 Rxa2 18. Bxc5 Bxc5 19. Rxc5 0-0 20. Nd4 Rxb2 21. Rfc1 Ba6 22. Rc6 Ra2 23. Rb6 h6 24. h3 Rd8 25. Nc6 Rdd2 26. Nb4 Rab2 27. Rxa6 Rxb4 28. Ra8+ Kh7 29. Ra7 Kg6 30. g3 Rbb2 0-1

[Event "New Delhi Parsvnath op-B 16th"]
[Site "New Delhi"]
[Date "2018.01.10"]
[Round "4"]
[White "Shirliyev, Allayar"]
[Black "Anup, Shankar R"]
[Result "1-0"]
[WhiteElo "1989"]
[BlackElo "1805"]
[PlyCount "73"]
[EventDate "2018.01.09"]
[EventType "swiss"]
[EventRounds "10"]
[EventCountry "IND"]
[SourceTitle "CBM 182 Extra"]
[Source "ChessBase"]
[SourceDate "2018.02.23"]
[SourceVersion "1"]
[SourceVersionDate "2018.02.23"]
[SourceQuality "1"]

1. e4 d5 2. exd5 Qxd5 3. Nc3 Qa5 4. d4 Nf6 5. Nf3 c6 6. Bd2 Bf5 7. Bc4 e6 8. 0-0 Nbd7 9. Re1 Qc7 10. a4 Bd6 11. h3 0-0-0 12. a5 h6 13. Na4 g5 14. b4 Rdg8 15. Ne5 g4 16. h4 g3 17. f4 Bxe5 18. dxe5 Nd5 19. Bd3 Rg4 20. Bxf5 exf5 21. Qf3 Qd8 22. c4 Nc7 23. Be3 Qxh4 24. a6 Nxa6 25. b5 Nab8 26. Nc3 a6 27. bxa6 bxa6 28. Red1 Re8 29. Rxa6 Qh2+ 30. Kf1 Qh1+ 31. Ke2 Qxd1+ 32. Kxd1 Nxa6 33. Qxc6+ Kd8 34. Qxa6 Rg6 35. Qa8+ Ke7 36. Nd5+ Kf8 37. Qb7 1-0

[Event "IND-ch U17"]
[Site "Saravanampatty"]
[Date "2017.10.31"]
[Round "10"]
[White "Dileep, Kumar R"]
[Black "Anup, Shankar R"]
[Result "1-0"]
[WhiteElo "2182"]
[BlackElo "1733"]
[PlyCount "133"]
[EventDate "2017.10.24"]
[EventType "swiss"]
[EventRounds "11"]
[EventCountry "IND"]
[SourceTitle "CBM 181 Extra"]
[Source "ChessBase"]
[SourceDate "2017.12.12"]
[SourceVersion "1"]
[SourceVersionDate "2017.12.12"]
[SourceQuality "1"]

1. e4 d5 2. exd5 Qxd5 3. Nc3 Qa5 4. d4 Nf6 5. Nf3 Bf5 6. Bc4 e6 7. Bd2 c6 8. Qe2 Bb4 9. a3 Nbd7 10. 0-0 Bxc3 11. Bxc3 Qc7 12. Bd3 Bxd3 13. Qxd3 h6 14. Bd2 0-0 15. Rfe1 Rad8 16. Qe2 Rfe8 17. Ne5 Qb6 18. Nc4 Qc7 19. Qf3 e5 20. dxe5 Nxe5 21. Rxe5 Rxe5 22. Bf4 Nd7 23. Qg3 Rde8 24. Nxe5 Nxe5 25. Bxh6 Nf3+ 26. gxf3 Qxg3+ 27. fxg3 gxh6 28. Kf2 Rd8 29. Re1 Kg7 30. g4 Kg6 31. Re2 h5 32. Kg3 Rd7 33. h4 b6 34. b3 c5 35. Re5 hxg4 36. fxg4 Rd2 37. Rg5+ Kh6 38. Rf5 Kg7 39. Rf2 Rd4 40. g5 c4 41. Rf4 Rd7 42. Rxc4 f6 43. Kg4 fxg5 44. hxg5 Rf7 45. Rc6 Re7 46. Kf5 Rf7+ 47. Ke5 Rd7 48. a4 Kf7 49. g6+ Kg7 50. Ke6 Rd2 51. Rc7+ Kxg6 52. Rxa7 Rxc2 53. Rb7 Re2+ 54. Kd7 Kf7 55. Rxb6 Re7+ 56. Kc6 Re6+ 57. Kb5 Re5+ 58. Ka6 Ke7 59. Rc6 Kd7 60. Rc3 Re6+ 61. Kb5 Re5+ 62. Kb4 Re4+ 63. Rc4 Re5 64. a5 Re6 65. Kb5 Re5+ 66. Rc5 Rxc5+ 67. Kxc5 1-0